000 00330nam a2200121Ia 4500
008 190216s9999||||xx |||||||||||||| ||und||
100 _aSaxena M&Amp; Jain Dk
245 0 _aPreliminary Civil Services Examination General Studies
260 _bYoung Man & Co
_c1985
300 _a354p
650 _aCivil Service Exam
942 _cREF
999 _c35531
_d35531